A Study On The Effectiveness Of Systematic Land Registration In Khchay Khang Cheung Commune, Dong Tong District, Kampot Provincen,សិក្សាអំពីប្រសិទ្ធភាពក្នុងការចុះបញ្ជីដីធ្លីលក្ខណៈជាប្រព័ន្ធ នៅឃុំខ្ចាយខាងជើង ស្រុកដងទង់ ខេត្តកំពត (Record no. 25330)

000 -LEADER
fixed length control field 00703nam a22001217a 4500
040 ## - CATALOGING SOURCE
Transcribing agency RUA
082 ## - DEWEY DECIMAL CLASSIFICATION NUMBER
Classification number LMA TRY 2024 B701 Or.1
100 ## - MAIN ENTRY--AUTHOR NAME
Personal name TRY THEARITH, ទ្រី ធារិទ្ធ
245 ## - TITLE STATEMENT
Title A Study On The Effectiveness Of Systematic Land Registration In Khchay Khang Cheung Commune, Dong Tong District, Kampot Provincen,សិក្សាអំពីប្រសិទ្ធភាពក្នុងការចុះបញ្ជីដីធ្លីលក្ខណៈជាប្រព័ន្ធ នៅឃុំខ្ចាយខាងជើង ស្រុកដងទង់ ខេត្តកំពត
260 ## - PUBLICATION, DISTRIBUTION, ETC. (IMPRINT)
Place of publication PHNOM PENH
Name of publisher RUA
Year of publication 2024
300 ## - PHYSICAL DESCRIPTION
Number of Pages x,
Other physical details ill,
Dimensions 29m,
942 ## - ADDED ENTRY ELEMENTS (KOHA)
Koha item type LMA
952 ## - LOCATION AND ITEM INFORMATION (KOHA)
Withdrawn status [LOCAL, KOHA] 0
952 ## - LOCATION AND ITEM INFORMATION (KOHA)
Withdrawn status [LOCAL, KOHA] 0
Holdings
Permanent Location Date acquired Koha item type Lost status Shelving location Barcode Current Location Full call number
Library Block B2025-06-23LMA B701A084356Library Block BLMA TRY 2024 B701 Or.2
Library Block B2025-06-23LMA B701A084165Library Block BLMA TRY 2024 B701 Or.1
មជ្ឈមណ្ឌលឯការនៃសាកលវិទ្យាល័យភូមិន្ទកសិកម្មចំការដូង

Powered by Koha